Principles of marketing / (رقم التسجيلة. 23848)
[ عرض عادي ]
| 000 -الفاتح | |
|---|---|
| حقل البيانات ثابتة الطول | 01092cam a2200301 a 4500 |
| 001 - رقم الضبط | |
| رقم الضبط | 14688426 |
| 003 - محدد رقم الضبط | |
| رقم الضبط | OSt |
| 005 - وقت وتاريخ اخر تعامل مع التسجيلة | |
| رقم الضبط | 20150408114041.0 |
| 008 - عناصر البيانات ثابتة الطول - معلومات عامة | |
| حقل البيانات ثابتة الطول | 070108s2008 njua b 001 0 eng |
| 010 ## - رقم ضبط مكتبة الكونجرس | |
| رقم ضبط مكتبة الكونجرس | 2007000562 |
| 020 ## - الرقم الدولى المعيارى للكتب | |
| الرقم الدولى المعيارى للكتاب | 027375243X |
| 035 ## - رقم ضبط النظام | |
| رقم ضبط النظام | (OCoLC)ocm77575083 |
| 035 ## - رقم ضبط النظام | |
| رقم ضبط النظام | (OCoLC)77575083 |
| 040 ## - مصدر الفهرسة | |
| وكالة الفهرسة الأصلية | DLC |
| وكالة النسخ | DLC |
| وكالة التعديل | YDX |
| -- | BAKER |
| -- | BTCTA |
| -- | YDXCP |
| -- | NLGGC |
| -- | DLC |
| 050 00 - رقم طلب مكتبة الكونجرس | |
| رقم التصنيف | HF5415 |
| رقم المادة | .K636 2008 |
| 082 00 - رقم تصنيف ديوى العشرى | |
| رقم التصنيف | 658.8 |
| رقم الطبعة | 22 |
| 100 1# - المدخل الرئيسى - إسم شخصى | |
| الإسم الشخصى | Kotler, Philip. |
| 9 (RLIN) | 15297 |
| 245 10 - بيان العنوان | |
| العنوان | Principles of marketing / |
| بيان المسئوليه,etc | Philip Kotler, Gary Armstrong. |
| 250 ## - بيان الطبعة | |
| بيان الطبعة | 12th ed. |
| 260 ## - PUBLICATION, DISTRIBUTION, ETC. (IMPRINT) | |
| مكان الناشر او الموزع | Upper Saddle River, N.J. : |
| اسم الناشر او الموزع | Pearson/Prentice Hall, |
| تاريخ النشر أو التوزيع | c2008. |
| 300 ## - الوصف المادى | |
| التعداد | xxxii, 599, [99] p. : |
| تفاصيل ماديه اخرى للوعاء | ill. (chiefly col.) ; |
| أبعاد الوعاء | 29 cm. |
| 504 ## - تبصرة ببليوجرافية | |
| تبصرة ببليوجرافية,الخ | Includes bibliographical references (p. R-1 - R-30) and indexes. |
| 650 #0 - المدخل الاضافى بالموضوع-مصطلح موضوعى | |
| مصطلح موضوعي أو اسم جغرافي كعنصر مدخل | Marketing. |
| 700 1# - المدخل الاضافى - اسم شخصى | |
| الإسم الشخصى | Armstrong, Gary |
| الشكل الأكمل للاسم | (Gary M.) |
| 9 (RLIN) | 15298 |
| 856 41 - الوصول و الموقع الالكترونى | |
| مواد محددة | Table of contents only |
| معرف المصدر الموحد | <a href="http://www.loc.gov/catdir/toc/ecip078/2007000562.html">http://www.loc.gov/catdir/toc/ecip078/2007000562.html</a> |
| 942 ## - عناصر المدخل الإضافي( كوها) | |
| مصدر التصنيف او مخطط الترفيف | Dewey Decimal Classification |
| Koha [default] item type | كتاب |
| حالة الفقد | نموذج السعر الفعال | حالة تلف | ليس للاعارة | رقم الطلب | تاريخ الاكتساب | الموقع الحالي | الباركود | الفرع الرئيسي | Date last seen | نوع المادة فى نظام كوها | مصدر التصنيف او خطة الترفيف | Total Checkouts |
|---|---|---|---|---|---|---|---|---|---|---|---|---|
| 2013-03-10 | 658.8 K P P | 2012-05-30 | المكتبة المركزية بالمجمعة (CL) | 1004000000086 | المكتبة المركزية بالمجمعة (CL) | 2013-03-10 | كتاب | Dewey Decimal Classification | ||||
| 2013-03-10 | 658.8 K P P | 2012-05-30 | المكتبة المركزية بالمجمعة (CL) | 1004000000076 | المكتبة المركزية بالمجمعة (CL) | 2013-03-10 | كتاب | Dewey Decimal Classification | ||||
| 2013-03-10 | 658.8 K P P | 2012-05-30 | المكتبة المركزية بالمجمعة (CL) | 1004000000077 | المكتبة المركزية بالمجمعة (CL) | 2013-03-10 | كتاب | Dewey Decimal Classification | ||||
| 2013-03-10 | 658.8 K P P | 2012-05-30 | المكتبة المركزية بالمجمعة (CL) | 1004000000078 | المكتبة المركزية بالمجمعة (CL) | 2013-03-10 | كتاب | Dewey Decimal Classification |
